Mediterranean : a cultural landscape

Αποθηκεύτηκε σε:
Λεπτομέρειες βιβλιογραφικής εγγραφής
Κύριος συγγραφέας: Matvejevic, Predrag, 1932-
Μορφή: Βιβλίο
Γλώσσα:English
Croatian
Δημοσίευση: Berkeley : University of California Press, c1999.
Θέματα:
Ετικέτες: Προσθήκη ετικέτας
Δεν υπάρχουν, Καταχωρήστε ετικέτα πρώτοι!

MARC

LEADER 00000nam a2200000 a 4500
001 1/125760
008 221222s1999####enkb ||| |||| ||eng||
020 |a 0520207386  
040 |a GR-MyUa  |b gre  |c GR-MyUa  |e AACR2 
041 1 |a eng  |h scr 
082 7 |a 909.09822   |2 (23) 
100 1 |a Matvejevic, Predrag,   |d 1932- 
245 1 0 |a Mediterranean :   |b a cultural landscape /   |c Predrag Matvejevic ; translated by Michael Henry Heim.  
260 |a Berkeley :   |b University of California Press,   |c c1999.  
300 |a 218 σ. :   |b χάρτες,   |c 20 εκ.  
651 0 |a Mediterranean Region  |x Description and travel. 
852 |a INST  |b LESVOS  |e 20221222  |h 909.09822 MAT  |p 005100064003  |q 005100064003  |t BK  |y 0 
970 |a Καμάτσου  |b Δέσποινα  |z 22-12-2022